I grandi misteri irrisolti della Chiesa : dalle profezie di Fatima ai segreti del Vaticano : dagli esorcisti a padre Pio /

Guardat en:
Dades bibliogràfiques
Autor principal: Venturini, Simone, (1966- ) (Autor)
Format: Llibre
Idioma:italià
Publicat: Roma : Newton Compton, 2012
Col·lecció:I volti della storia ; 244
Etiquetes: Afegir etiqueta
Sense etiquetes, Sigues el primer a etiquetar aquest registre!

MARC

LEADER 00000nam a22000007i 4500
001 IT\ICCU\RML\0341139
003 ItRI
005 20241230155800.0
008 121128s2012 it |||||| ||||| |||||c
020 |a 9788854143333 
040 |b ita  |c ARCIGAY RIMINI 
041 7 |a ita  |2 ISO-639-2 
082 |a 270  |2 21 
100 1 |a Venturini, Simone,  |d  (1966- )  |0 IT\ICCU\MODV\629774  |4 aut 
245 1 2 |a I grandi misteri irrisolti della Chiesa :  |b dalle profezie di Fatima ai segreti del Vaticano : dagli esorcisti a padre Pio /  |c Simone Venturini. 
260 |a Roma :  |b Newton Compton,  |c 2012 
300 |a 279 p. ;  |c 22 cm. 
830 2 |a I volti della storia ;  |v 244  |0 IT\ICCU\RAV\0127540 
942 |2 ddc  |c BK 
952 |0 0  |1 0  |2 ddc  |4 0  |6 270_000000000000000_VEN_GRA  |7 1  |9 2526  |a RN  |b RN  |d 2024-12-30  |l 0  |o 270 VEN GRA  |p 9970  |r 2024-12-30 15:58:30  |w 2024-12-30  |y BK 
981 1 |6 z01  |a i   |b xxxe  
982 1 |6 z01  |a n 
999 |c 2193  |d 2193